| 000 | 00547nam a2200205 a 4500 | ||
|---|---|---|---|
| 008 | 960122s1967||||[C 0 cze c | ||
| 040 |
_aSNK _bslo _cSNK _eAACR2 |
||
| 041 | 1 |
_acze _heng |
|
| 044 | _a[CS] | ||
| 080 | _a820-31=850 | ||
| 100 | 1 |
_aAldridge, James _d1918- _4aut |
|
| 245 | 1 | 0 |
_aLovec _cJames Aldridge ; Přel. Helena Maříková |
| 250 | _a1. vyd. | ||
| 260 |
_aPraha _bSvobodné slovo _c1967 _eBrno _fTisk 2 |
||
| 300 |
_a211, [1] s. _c8ř |
||
| 700 | 1 |
_aMaříková, Helena _4trl |
|
| 765 | 0 | _tThe Hunter | |
| 020 | _c23 | ||
| 958 | _aA | ||
| 999 |
_c9690 _d9690 |
||